Most Educated Countries - Statistics

General Stats
  • This quiz has been taken 86 times
  • The average score is 15 of 20
Answer Stats
Answer % Correct
United States
93%
Canada
89%
Finland
89%
Germany
87%
Sweden
86%
Norway
85%
Denmark
83%
Australia
82%
Switzerland
82%
Belgium
80%
New Zealand
79%
Netherlands
75%
Poland
75%
Iceland
73%
Estonia
61%
Czech Republic
59%
Latvia
59%
Lithuania
56%
Israel
55%
Slovenia
51%
No matching quizzes found
Score Distribution
Percent of People with Each Score
Percentile by Number Answered
Your Score History
You have not taken this quiz